ÄrzteZeitung: das Magazin für Medizin und Praxiswissen
| Medienart: | Druck Zeitschrift |
|---|---|
| Sprache: | Deutsch |
| Veröffentlicht: |
Berlin
Springer Medizin Verlag GmbH
1982-
Neu-Isenburg Ärzte-Zeitung-Verl.-Ges. 1982-[?] Neu-Isenburg Springer Medizin, Ärzte Zeitung Verlags-GmbH -2015 |
| In: | Jahr: 1982 |
| Verfügbarkeit prüfen: | HBZ Gateway |
| Subito Bestelldienst: | Jetzt bestellen. |
| Bände / Aufsätze: | Bände / Aufsätze anzeigen. |
| Schlagwörter: |
MARC
| LEADER | 00000cas a2200000 c 4500 | ||
|---|---|---|---|
| 001 | 167915797 | ||
| 003 | DE-627 | ||
| 005 | 20260205171308.0 | ||
| 007 | tu | ||
| 008 | 941031c19829999gw e| p| 0 |0ger c | ||
| 015 | |a 84,A08,0545 |2 dnb | ||
| 016 | 7 | |a 013484176 |2 DE-101 | |
| 016 | 7 | |a 604874-2 |2 DE-600 | |
| 022 | |a 0175-5811 | ||
| 032 | |a 8877 | ||
| 035 | |a (DE-627)167915797 | ||
| 035 | |a (DE-576)018664784 | ||
| 035 | |a (DE-599)ZDB604874-2 | ||
| 035 | |a (OCoLC)1367775413 | ||
| 040 | |a DE-627 |b ger |c DE-627 |e rakwb | ||
| 041 | |a ger | ||
| 044 | |c XA-DE | ||
| 082 | 0 | |a 610.5 |q DE-101 |2 22/ger | |
| 082 | 0 | 4 | |a 610 |q DE-101 |
| 082 | 0 | 4 | |a 610 |q DE-600 |
| 084 | |a 44.00 |2 bkl | ||
| 222 | 0 | |a Ärzte-Zeitung | |
| 245 | 0 | 0 | |a ÄrzteZeitung |b das Magazin für Medizin und Praxiswissen |
| 246 | 1 | |i Titelzusatz anfangs |a Die Tageszeitung für Ärzte | |
| 246 | 1 | |i Titelzusatz bis Jahrgang 41, Nr. 54 (22. Juli 2022) |a Die aktuelle Zeitung von Springer Medizin | |
| 246 | 1 | |i Titelzusatz Jahrgang 41, Nr.55 (18. August.2022)-Jahrgang 44, Nr.38/39 (25. September 2025) |a Die Wochenzeitung für Ärztinnen und Ärzte | |
| 246 | 1 | |i Abweichender Titel ab Jahrgang 44, Nr. 40/41 (09.10.2025:) |a Ärzte Zeitung | |
| 246 | 3 | 3 | |a Das Magazin für Medizin und Praxiswissen |
| 246 | 3 | 3 | |a Die Tages-Zeitung für Ärzte |
| 246 | 3 | 3 | |a Die aktuelle Zeitung von Springer-Medizin |
| 246 | 3 | 3 | |a Die Wochen-Zeitung für Ärztinnen und Ärzte |
| 246 | 3 | 3 | |a Forschung im Portrait |
| 246 | 3 | 3 | |a Wissen aktuell |
| 246 | 3 | 3 | |a Ärzte-Zeitung plus |
| 246 | 3 | 3 | |a Ärzte-Zeitung / Dossier |
| 246 | 3 | 3 | |a Pharmawissen aktuell |
| 247 | 1 | 0 | |a Ärzte-Zeitung |f Haupttitel früher |
| 264 | 3 | 1 | |a Berlin |b Springer Medizin Verlag GmbH |c 1982- |
| 264 | 1 | |a Neu-Isenburg |b Ärzte-Zeitung-Verl.-Ges. |c 1982-[?] | |
| 264 | 2 | 1 | |a Neu-Isenburg |b Springer Medizin, Ärzte Zeitung Verlags-GmbH |c -2015 |
| 300 | |c 46 cm | ||
| 336 | |a Text |b txt |2 rdacontent | ||
| 337 | |a ohne Hilfsmittel zu benutzen |b n |2 rdamedia | ||
| 338 | |a Band |b nc |2 rdacarrier | ||
| 362 | 0 | |a 1.1982 - | |
| 363 | 0 | 1 | |a 1 |i 1982 |
| 500 | |a Ungezählte Beilage: Forschung im Portrait; Wissen aktuell; Ärzte-Zeitung plus; Dossier; Pharmawissen aktuell | ||
| 500 | |a Jahrgangs-Zählung entfällt ab 2025, Nr.40/41 (09.10.2025) | ||
| 500 | |a Erscheint vierzehntäglich, bis 2018 dreimal wöchentlich, 2019-Juli 2022 zweimal wöchentlich, August 2022-Juni 2025 wöchentlich | ||
| 546 | |a PVK: D 8877 | ||
| 655 | 7 | |a Zeitschrift |0 (DE-588)4067488-5 |0 (DE-627)10454466X |0 (DE-576)20917000X |2 gnd-content | |
| 689 | 0 | 0 | |d s |0 (DE-588)4003157-3 |0 (DE-627)104544988 |0 (DE-576)208850414 |a Arzt |2 gnd |
| 689 | 0 | |5 DE-101 | |
| 689 | 1 | 0 | |d s |0 (DE-588)4038243-6 |0 (DE-627)104584963 |0 (DE-576)209029218 |a Medizin |2 gnd |
| 689 | 1 | |5 DE-101 | |
| 689 | 2 | 0 | |d s |0 (DE-588)4047667-4 |0 (DE-627)104826258 |0 (DE-576)209074299 |a Psychiatrie |2 gnd |
| 689 | 2 | |5 DE-101 | |
| 689 | 3 | 0 | |d s |0 (DE-588)4041888-1 |0 (DE-627)106217003 |0 (DE-576)209047488 |a Neurologie |2 gnd |
| 689 | 3 | |5 DE-101 | |
| 751 | |a Berlin |0 (DE-588)4005728-8 |0 (DE-627)10482638X |0 (DE-576)208862560 |4 dbp | ||
| 751 | |a Neu-Isenburg |0 (DE-588)4041799-2 |0 (DE-627)106217518 |0 (DE-576)209046899 |4 dbp | ||
| 776 | 1 | |x 2192-8916 | |
| 936 | b | k | |a 44.00 |j Medizin: Allgemeines |0 (DE-627)106409646 |
| 951 | |a JT | ||
| ELC | |b 1 | ||
| LOK | |0 000 xxxxxcx a22 zn 4500 | ||
| LOK | |0 001 2763591353 | ||
| LOK | |0 003 DE-627 | ||
| LOK | |0 004 167915797 | ||
| LOK | |0 005 20150205113506 | ||
| LOK | |0 008 130717||||||||||||||||ger||||||| | ||
| LOK | |0 040 |a DE-21-110 |c DE-627 |d DE-21-110 | ||
| LOK | |0 852 |z Kein Bestand am IfK; Nachweis für KrimDok | ||
| LOK | |0 852 |a DE-21-110 | ||
| LOK | |0 852 1 |m v |9 00 | ||
| LOK | |0 935 |a k110 | ||
| LOK | |0 938 |k v | ||
| LOK | |0 939 |a 17-07-13 |b l01 | ||
| ORI | |a WA-MARC-krimdokb001.raw | ||
| SPR | |a 1 |t KRI | ||
